00203nam a2200085 4500100002200000245004300022260002600065300000700091650001900098 aSubhashie Adikari a Drug Delivery Liposomal Drug Delivery aColombobICHEMCc2016 a27 aDrug Delivery